000 01233nam a2200229Ia 4500
001 L235-31479
003 IT-CnALBA
008 170116s9999||||xx |||||||||||||| ||und||
040 _aIT-CnALBA
_cIT-CnALBA
041 _aITALIANO
100 _aLANFRANCHI FAUSTO
245 0 _aALBERTO MARVELLI. INGEGNERE MANOVALE DELLA CARITÀ.
250 _a1a ed.
260 _aCINISELLO BALSAMO (MI)
_bEDIZIONI PAOLINE
_c1996 [1° Ed.:1996 - Ed.Ling.Originale: 1996]
300 _a229 p.
500 _aPREFAZIONE DI TONINI E. CARDINALE. INFANZIA FAMIGLIA EDUCAZIONE. ALL'ORATORIO SALESIANO. IN CAMMINO. GIOVINEZZA CRISTIANA. AZIONE PREGHIERA SACRIFICIO. UNIVERSITÀ CONTEMPLAZIONE E AZIONE. IMPEGNO PER LA PACE. APOSTOLATO IN CASERMA. A SERVIZIO. IN POLITICA
501 _aSocietà San Paolo EM - Piazza San Paolo, 14 - 12051 ALBA (CN) (non commercial uses only) ® Copyright 2017
520 _aPREFAZIONE DI TONINI E. CARDINALE. INFANZIA FAMIGLIA EDUCAZIONE. ALL'ORATORIO SALESIANO. IN CAMMINO. GIOVINEZZA CRISTIANA. AZIONE PREGHIERA SACRIFICIO. UNIVERSITÀ CONTEMPLAZIONE E AZIONE. IMPEGNO PER LA PACE. APOSTOLATO IN CASERMA. A SERVIZIO. IN POLITICA
650 _aMARIA SS. ANGELI SANTI DEMONI
942 _cBK
957 _71
999 _a36247
_bNO
_g Copie: 1
_c290313
_d290313